LEADER 02621nam 2200601 a 450 001 9910791757003321 005 20230725021230.0 010 $a0-8389-9225-0 010 $a1-283-09345-6 010 $a9786613093455 010 $a0-8389-9224-2 035 $a(CKB)2560000000071644 035 $a(EBL)680167 035 $a(OCoLC)714568490 035 $a(SSID)ssj0000575596 035 $a(PQKBManifestationID)12273089 035 $a(PQKBTitleCode)TC0000575596 035 $a(PQKBWorkID)10551760 035 $a(PQKB)11649284 035 $a(MiAaPQ)EBC680167 035 $a(Au-PeEL)EBL680167 035 $a(CaPaEBR)ebr10469306 035 $a(CaONFJC)MIL309345 035 $a(EXLCZ)992560000000071644 100 $a20110601d2011 uy 0 101 0 $aeng 135 $aur|n|---||||| 181 $ctxt 182 $cc 183 $acr 200 10$aLibraries and mobile services$b[electronic resource] /$fCody W. Hanson 210 $aChicago, Ill. $cAmerican Library Association$d2011 215 $a1 online resource (37 p.) 225 1 $aLibrary technology reports,$x0024-2586 ;$vv. 47, no. 2 300 $aDescription based upon print version of record. 311 $a0-8389-5830-3 320 $aIncludes bibliographical references. 327 $aCover Page; Title Page; Copyright Page; Contents; Chapter 1-Why Worry about Mobile?; Why Mobile?; Mobile Device Ownership; Smartphone Sales; Mobile Internet Access; Mobile versus the Desktop; The Changing Face of the Digital Divide; The Day for Mobile Services Has Come; Notes; Chapter 2-Mobile Devices in 2011; Hardware; Components; Software; Notes; Chapter 3-Mobile Solutions for Your Library; Become a Mobile-Only User; Device Focus Group; Ensure Mobile-Friendliness in Your Current Site; Develop a Mobile Website; Develop Mobile Web Applications; Develop Native Mobile Apps (or Don't); Notes 327 $aChapter 4-Issues for Information Accesson the Mobile WebSecurity; First Sale; Cost; Coverage; Net Neutrality; The New Digital Divide; Conclusion: The Future of Mobile Computing and Libraries 330 $aFor libraries to stay relevant, they must be able to offer content and services through the mobile web. 410 0$aLibrary technology reports ;$vv. 47, no. 2. 606 $aLibrary outreach programs 615 0$aLibrary outreach programs. 676 $a004.16 676 $a20 700 $aHanson$b Cody W$01485651 801 0$bMiAaPQ 801 1$bMiAaPQ 801 2$bMiAaPQ 906 $aBOOK 912 $a9910791757003321 996 $aLibraries and mobile services$93704874 997 $aUNINA LEADER 02778oam 2200649Ma 450 001 9910777969703321 005 20190503073349.0 010 $a0-262-29189-4 010 $a1-282-24067-6 010 $a9786612240676 010 $a0-262-25539-1 024 8 $a9786612240676 035 $a(CKB)1000000000763966 035 $a(EBL)3339022 035 $a(SSID)ssj0000143508 035 $a(PQKBManifestationID)11911912 035 $a(PQKBTitleCode)TC0000143508 035 $a(PQKBWorkID)10112323 035 $a(PQKB)11520816 035 $a(StDuBDS)EDZ0000130722 035 $a(MiAaPQ)EBC3339022 035 $a(OCoLC)432428944$z(OCoLC)403948294$z(OCoLC)647703721$z(OCoLC)663418953$z(OCoLC)744554209$z(OCoLC)764510892$z(OCoLC)816316236$z(OCoLC)961632242$z(OCoLC)962694167$z(OCoLC)988473042$z(OCoLC)991949802$z(OCoLC)1037936052$z(OCoLC)1038588538$z(OCoLC)1045525350$z(OCoLC)1058144635$z(OCoLC)1066444469$z(OCoLC)1081222571 035 $a(OCoLC-P)432428944 035 $a(MaCbMITP)8149 035 $a(Au-PeEL)EBL3339022 035 $a(CaPaEBR)ebr10290035 035 $a(CaONFJC)MIL224067 035 $a(OCoLC)432428944 035 $a(EXLCZ)991000000000763966 100 $a20080926d2009 uy 0 101 0 $aeng 135 $aurzn||||||||| 181 $ctxt 182 $cc 183 $acr 200 00$aEconomic prosperity recaptured $ethe Finnish path from crisis to rapid growth /$fSeppo Honkapohja [and others] 210 $aCambridge, MA $cMIT Press$dİ2009 215 $a1 online resource (157 p.) 225 1 $aCESifo book series 300 $aDescription based upon print version of record. 311 $a0-262-01269-3 320 $aIncludes bibliographical references and index. 327 $aContents; Preface; Series Foreword ; 1 Introduction; 2 The Crisis of the Early 1990's; 3 Macroeconomic Policies before and during the Crisis and in the Upswing; 4 Renewed Growth and Structural Change; 5 The Importance of Human Capital; 6 The New Economy in Finland; 7 Remaining Policy Challenges; Notes; References; Index 330 8 $a'Economic Prosperity Recaptured' presents an analysis of how Finland achieved economic recovery after financial crisis and deep depression, with an emphasis on the role of public policy and the rise of high-tech industry. 410 0$aCESifo book series. 607 $aFinland$xEconomic conditions$y1981- 607 $aFinland$xEconomic policy 610 $aECONOMICS/International Economics 610 $aECONOMICS/Trade & Development 676 $a330.94897/034 701 $aHonkapohja$b Seppo$f1951-$0123023 801 0$bOCoLC-P 801 1$bOCoLC-P 906 $aBOOK 912 $a9910777969703321 996 $aEconomic prosperity recaptured$93732513 997 $aUNINA